000
00494nam a2200181Ia 4500
008
090123s9999 xx 000 0 und d
082
_b
18585
100
_a
कुसुमाग्रज
245
_a
पाथेय
250
_a
1
260
_b
पॉप्युलर प्रकाशन
_c
1989
300
_a
95
600
_a
कुसुमाग्रज
630
_a
पाथेय
700
_a
कुसुमाग्रज
730
_a
पाथेय
942
_c
BOOK
999
_c
56648
_d
56648